Religion Quiz

Random Religion or Islam Quiz

Modern Countries in the Quran Quiz Stats

 Plays Quiz Updated Oct 5, 2017

Challenge
Share
Tweet
Embed
Score 0/11 Timer 02:00
7 Plays Today
Verse Country % Correct
Surah Al-Baqarah 2:102Iraq
91.9%
Surah Al-Ma'idah 5:20-21Israel
91.9%
Surah Al-Fath 48:24, At-Taubah 9:101Saudi Arabia
90.4%
Surah Yunus 10:87Egypt
89.8%
Surah At-Tawbah 9:70Jordan
81.4%
Surah Saba 34:15Yemen
80.5%
Surah Hud 11:44Turkey
79.4%
Surah Al-Fajr 89:6Oman
77.6%
Surah Al-'Isra 17:1Palestine
68.9%
Surah Ar-Rūm 30:2Italy
48.6%
Surah Al-Fīl 105:1-5Ethiopia
43.5%

You're not logged in!

Compare scores with friends on all Sporcle quizzes.
Join for Free
OR
Log In

You Might Also Like...

Show Comments

Extras

Top Quizzes Today


Score Distribution

Your Account Isn't Verified!

In order to create a playlist on Sporcle, you need to verify the email address you used during registration. Go to your Sporcle Settings to finish the process.

Report this User

Report this user for behavior that violates our Community Guidelines.

Details: